Socio - Economic Inclusion of Nomadic Tribes (Record no. 26413)
[ view plain ]
| 000 -LEADER | |
|---|---|
| fixed length control field | 00605nam a22001577a 4500 |
| 082 ## - DEWEY DECIMAL CLASSIFICATION NUMBER | |
| Classification number | RT.0110 |
| 100 ## - MAIN ENTRY--AUTHOR NAME | |
| Personal name | T., Abhilash |
| Affiliation | Gokhale Institute of Politics and Economics |
| Place | Pune |
| 245 ## - TITLE STATEMENT | |
| Title | Socio - Economic Inclusion of Nomadic Tribes |
| Sub Title | : A Case Study of Malai Pandaram in Kerala |
| 260 ## - PUBLICATION, DISTRIBUTION, ETC. (IMPRINT) | |
| Place of publication | Pune |
| 300 ## - PHYSICAL DESCRIPTION | |
| Number of Pages | xv,155p. |
| 504 ## - BIBLIOGRAPHY, ETC. NOTE | |
| Bibliography, etc | Include Bibliography and Annexure |
| 536 ## - FUNDING INFORMATION NOTE | |
| Funding Agency | Indian Council of Social Science Research, New Delh |
| 650 ## - SUBJECT ADDED ENTRY--TOPICAL TERM | |
| Topical Term | social status |
| Form subdivision | socio - economic status |
| -- | Inclusion, Social |
| -- | nomadic tribes |
| Geographic subdivision | malai pandaram |
| -- | kerala |
| -- | india |
| 700 ## - ADDED ENTRY--PERSONAL NAME | |
| Personal name | Bansode,prasant |
| 942 ## - ADDED ENTRY ELEMENTS (KOHA) | |
| Koha item type | Research Reports |
| Source of classification or shelving scheme | Dewey Decimal Classification |
| Withdrawn status | Lost status | Damaged status | Not for loan | Collection code | Home library | Current library | Date acquired | Source of acquisition | Full call number | Accession Number | Price effective from | Koha item type |
|---|---|---|---|---|---|---|---|---|---|---|---|---|
| Not For Loan | ICSSR Research Project Reports | NASSDOC Library | NASSDOC Library | 12/01/2021 | Gifted by RP Division, ICSSR | RT.0110 | 51148 | 14/01/2021 | Research Reports |
